Farm-level economic consequences of a reduced use of pesticides in Danish Agriculture (Record no. 72282)

MARC details
000 -LEADER
fixed length control field 01474cam a2200241 4500
008 - FIXED-LENGTH DATA ELEMENTS--GENERAL INFORMATION
fixed length control field 030311n2003 000 0 eng u
035 ## - SYSTEM CONTROL NUMBER
System control number (Sirsi) u121593
100 ## - MAIN ENTRY--PERSONAL NAME
Personal name Orum, J.
245 ## - TITLE STATEMENT
Title Farm-level economic consequences of a reduced use of pesticides in Danish Agriculture
260 ## - PUBLICATION, DISTRIBUTION, ETC.
Date of publication, distribution, etc. 2003
490 ## - SERIES STATEMENT
Series statement Farm Management
Volume/sequential designation 11(7) January 2003, 495-507(7)
520 ## - SUMMARY, ETC.
Summary, etc. In 1997 the Danish Minister for Environment and Energy set up a committee to evaluate reducing pesticide use. Describes the farm economic consequences, as well as the agronomic background and the farm economic model developed to calculate these consequences. The analysis was built up around a set of farm types representative for Danish crop rotation regimes and a set of scenarios intended to show the consequences of different degrees of reduction of pesticide use. For each scenario the crop yield losses, alternative cultivation techniques and a number of overall restrictions on the crop rotation were estimated and incorporated in the farm economic model. By using the model the new optimal allocation of crops and pesticides was decided for different farm types and scenarios [Taken from journal abstract].
590 ## - LOCAL NOTE (RLIN)
Local note ABS
650 ## - SUBJECT ADDED ENTRY--TOPICAL TERM
Topical term or geographic name entry element PESTICIDES
650 ## - SUBJECT ADDED ENTRY--TOPICAL TERM
Topical term or geographic name entry element FARM ECONOMICS
650 ## - SUBJECT ADDED ENTRY--TOPICAL TERM
Topical term or geographic name entry element CROP YIELDS
650 ## - SUBJECT ADDED ENTRY--TOPICAL TERM
Topical term or geographic name entry element FARMING METHODS
650 ## - SUBJECT ADDED ENTRY--TOPICAL TERM
Topical term or geographic name entry element Land use
9 (RLIN) 6251
690 ## - LOCAL SUBJECT ADDED ENTRY--TOPICAL TERM (OCLC, RLIN)
Topical term or geographic name as entry element RURAL-AGRICULTURE AND FORESTRY
700 ## - ADDED ENTRY--PERSONAL NAME
Personal name Jorgensen, L.
700 ## - ADDED ENTRY--PERSONAL NAME
Personal name Jensen, P.
942 ## - ADDED ENTRY ELEMENTS (KOHA)
Suppress in OPAC 0
Holdings
Withdrawn status Lost status Source of classification or shelving scheme Damaged status Not for loan Home library Current library Shelving location Date acquired Total Checkouts Barcode Date last seen Copy number Price effective from Koha item type
    Dewey Decimal Classification     London London Journal article 11/03/2003   121593-1001 06/08/2019 1 06/08/2019 Journal article